[Event "Unterfranken-ch HA 48th"]
[Site "Bergrheinfeld"]
[Date "1997.??.??"]
[Round "9"]
[White "Hoehn, Andre"]
[Black "Bir, Thorsten"]
[Result "1/2-1/2"]
[WhiteElo "1628"]
[BlackElo "1535"]
[PlyCount "37"]
[EventDate "1997.03.31"]
[EventType "swiss"]
[EventRounds "9"]
[EventCountry "GER"]
[SourceTitle "EXT 2015"]
[Source "ChessBase"]
[SourceDate "2014.11.20"]
[SourceVersion "1"]
[SourceVersionDate "2014.11.20"]
[SourceQuality "1"]

1. e4 e5 2. Bc4 Nf6 3. d3 Bc5 4. Nc3 d6 5. h3 c6 6. Bg5 b5 7. Bb3 Qb6 8. Qf3 Nbd7 9. Nge2 Bb7 10. Ng3 0-0 11. Be3 Rad8 12. Nf5 Bxe3 13. fxe3 Nc5 14. Qg3 g6 15. Nh6+ Kg7 16. Qg5 Ng8 17. Nxg8 Kxg8 18. Rf1 Nxb3 19. axb3 1/2-1/2

[Event "Unterfranken-ch HA 48th"]
[Site "Bergrheinfeld"]
[Date "1997.??.??"]
[Round "3"]
[White "Hoehn, Andre"]
[Black "Degering, Benedikt"]
[Result "0-1"]
[WhiteElo "1628"]
[BlackElo "1593"]
[PlyCount "46"]
[EventDate "1997.03.31"]
[EventType "swiss"]
[EventRounds "9"]
[EventCountry "GER"]
[SourceTitle "EXT 2015"]
[Source "ChessBase"]
[SourceDate "2014.11.20"]
[SourceVersion "1"]
[SourceVersionDate "2014.11.20"]
[SourceQuality "1"]

1. e4 e6 2. Nf3 Nc6 3. d4 d5 4. exd5 exd5 5. c3 Bd6 6. h3 Nf6 7. Bd3 0-0 8. Be3 Re8 9. g3 Bxg3 10. Kd2 Ne4+ 11. Bxe4 dxe4 12. Ne1 Bh4 13. Ng2 Bg5 14. Qh5 Bxe3+ 15. fxe3 Re5 16. Qe2 Rg5 17. Na3 a6 18. Raf1 Be6 19. h4 Rg3 20. b3 Bh3 21. Rf2 Bg4 22. Qe1 Ne5 23. Kc1 Nd3+ 0-1

[Event "Unterfranken-ch HA 48th"]
[Site "Bergrheinfeld"]
[Date "1997.??.??"]
[Round "7"]
[White "Hoehn, Andre"]
[Black "Kirchenmayer, Thomas"]
[Result "1/2-1/2"]
[WhiteElo "1628"]
[BlackElo "1390"]
[PlyCount "45"]
[EventDate "1997.03.31"]
[EventType "swiss"]
[EventRounds "9"]
[EventCountry "GER"]
[SourceTitle "EXT 2015"]
[Source "ChessBase"]
[SourceDate "2014.11.20"]
[SourceVersion "1"]
[SourceVersionDate "2014.11.20"]
[SourceQuality "1"]

1. e4 e5 2. Bc4 Nf6 3. d3 Bc5 4. Nf3 h6 5. c3 d6 6. b4 Bb6 7. a4 c5 8. a5 Bc7 9. Qb3 0-0 10. h3 Bd7 11. Be3 b5 12. axb6 Bxb6 13. bxc5 Bxc5 14. Bxc5 dxc5 15. Nxe5 Be6 16. Bxe6 fxe6 17. Qxe6+ Kh8 18. Qc4 Qd6 19. Ng4 Nxg4 20. hxg4 Qf4 21. 0-0 Nd7 22. g3 Qxg4 23. Qd5 1/2-1/2

[Event "Unterfranken-ch HA 48th"]
[Site "Bergrheinfeld"]
[Date "1997.??.??"]
[Round "1"]
[White "Hoehn, Andre"]
[Black "Muthig, Holger"]
[Result "0-1"]
[WhiteElo "1628"]
[BlackElo "1430"]
[PlyCount "80"]
[EventDate "1997.03.31"]
[EventType "swiss"]
[EventRounds "9"]
[EventCountry "GER"]
[SourceTitle "EXT 2015"]
[Source "ChessBase"]
[SourceDate "2014.11.20"]
[SourceVersion "1"]
[SourceVersionDate "2014.11.20"]
[SourceQuality "1"]

1. e4 g6 2. Bc4 Bg7 3. c3 d6 4. Nf3 Nf6 5. d3 c5 6. h3 e6 7. 0-0 0-0 8. a3 d5 9. exd5 exd5 10. Bb3 Nc6 11. Bc2 Qd6 12. Bd2 a5 13. Qc1 Nd7 14. Bh6 Nde5 15. Nxe5 Nxe5 16. Bxg7 Kxg7 17. Qe3 Re8 18. Qg3 Bf5 19. f4 Nc6 20. Bd1 d4 21. c4 Re3 22. Rf3 Rae8 23. Nd2 Bxd3 24. b3 f5 25. Kh2 Rxf3 26. Qxf3 Re3 27. Qf2 a4 28. bxa4 Na5 29. Nf1 Re4 30. Nd2 Rxf4 31. Qg3 Qe5 32. Kh1 Qe3 33. Qxe3 dxe3 34. Nf3 e2 35. Bxe2 Bxe2 36. Re1 Bxf3 37. gxf3 Nxc4 38. Re7+ Kh6 39. Rxb7 Rxf3 40. Rc7 Rxh3+ 0-1

[Event "Unterfranken-ch HA 48th"]
[Site "Bergrheinfeld"]
[Date "1997.??.??"]
[Round "8"]
[White "Weibert, Christoph"]
[Black "Hoehn, Andre"]
[Result "0-1"]
[WhiteElo "1193"]
[BlackElo "1628"]
[PlyCount "90"]
[EventDate "1997.03.31"]
[EventType "swiss"]
[EventRounds "9"]
[EventCountry "GER"]
[SourceTitle "EXT 2015"]
[Source "ChessBase"]
[SourceDate "2014.11.20"]
[SourceVersion "1"]
[SourceVersionDate "2014.11.20"]
[SourceQuality "1"]

1. e4 e5 2. Nf3 Nc6 3. d4 exd4 4. Nxd4 Nxd4 5. Qxd4 Qf6 6. Be3 b6 7. Nc3 c6 8. Bd3 Qxd4 9. Bxd4 f6 10. a3 Bb7 11. 0-0 0-0-0 12. b4 Ne7 13. Ne2 d6 14. Be3 Ng6 15. a4 Ne5 16. b5 c5 17. f4 Nxd3 18. cxd3 Re8 19. Rfc1 f5 20. Ra2 fxe4 21. d4 Bd5 22. Rd2 Bb7 23. dxc5 dxc5 24. Rcd1 Be7 25. a5 Rd8 26. axb6 axb6 27. Ng3 Rxd2 28. Rxd2 Rd8 29. Kf2 Rxd2+ 30. Bxd2 Bd5 31. Ke3 Bc4 32. Kxe4 Bxb5 33. Nf5 Bc6+ 34. Kd3 Bf6 35. Bc3 Bxg2 36. Nxg7 Bxc3 37. Kxc3 Kd7 38. Nf5 Ke6 39. Ne3 Bc6 40. Kc4 Be8 41. Nd5 Bb5+ 42. Kxb5 Kxd5 43. Kxb6 c4 44. f5 c3 45. f6 Ke6 0-1